Statistics for 40 Common Elements - Symbols

Click here to take the quiz!

General Stats

  • This quiz has been taken 30 times
  • The average score is 34 of 40

Answer Stats

SymbolElement% Correct
HeHelium
100%
FeIron
100%
OOxygen
100%
ZnZinc
100%
CuCopper
95%
AuGold
95%
HHydrogen
95%
NiNickel
95%
RaRadium
95%
AgSilver
95%
XeXenon
95%
CCarbon
90%
LiLithium
90%
MgMagnesium
90%
NeNeon
90%
UUranium
90%
CaCalcium
85%
CoCobalt
85%
KrKrypton
85%
NNitrogen
85%
KPotassium
85%
ArArgon
80%
BeBeryllium
80%
BBoron
80%
ClChlorine
80%
CrChromium
80%
HgMercury
80%
NaSodium
80%
SSulfur
80%
AlAluminum
75%
AsArsenic
75%
BaBarium
75%
BrBromine
75%
IIodine
75%
MnManganese
75%
SiSilicon
75%
SnTin
75%
FFluorine
65%
PPhosphorus
60%
SrStrontium
50%

Score Distribution

Percentile by Number Answered

Percent of People with Each Score

Your Score History

You have not taken this quiz